Best Hockey Player On Every Team - Statistics

General Stats
  • This quiz has been taken 224 times
  • The average score is 12 of 31
Answer Stats
Team Answer % Correct
Edmonton Oilers Connor McDavid
86%
Pittsburgh Penguins Sidney Crosby
78%
Washington Capitals Alexander Ovechkin
74%
Chicago Blackhawks Patrick Kane
70%
Colorado Avalache Nathan McKinnon
69%
Toronto Maple Leafs Auston Matthews
68%
Tampa Bay Lightning Nikita Kucherov
56%
Dallas Stars Tyler Seguin
54%
Carolina Hurricanes Sebastian Aho
53%
Buffalo Sabres Jack Eichel
52%
Anaheim Ducks Ryan Getzlaf
51%
Montreal Canadiens Carey Price
47%
New York Rangers Artemi Panarin
45%
Calgary Flames Johnny Gaudreau
43%
Philadelphia Flyers Claude Giroux
42%
Los Angeles Kings Drew Doughty
38%
Nashville Predators Filip Forsberg
35%
Boston Bruins Tuukka Rask
35%
San Jose Sharks Brent Burns
30%
Florida Panthers Sergei Bobrovsky
28%
St. Louis Blues Vladimir Tarasenko
27%
New Jersey Devils P.K. Subban
25%
Vegas Golden Knights Marc-Andre Fleury
22%
Arizona Coyotes Oliver Ekman-Larsson
21%
Minnesota Wild Mikko Koivu
17%
New York Islanders Anders Lee
15%
Ottawa Senators Thomas Chabot
14%
Columbus Blue Jackets Cam Atkinson
9%
Detroit Red Wings Henrik Zetterburg
6%
Winnipeg Jets Jacob Trouba
2%
Vancouver Canucks Nikolay Goldobin
1%
No matching quizzes found
Score Distribution
Percent of People with Each Score
Percentile by Number Answered
Your Score History
You have not taken this quiz